Central Library OPAC University of Rajshahi

Beowulf : (Record no. 20203)

MARC details
000 -LEADER
fixed length control field 00922cam a2200265u 4500
001 - CONTROL NUMBER
control field 20203
003 - CONTROL NUMBER IDENTIFIER
rucl marc code BD-RjUL
005 - DATE AND TIME OF LATEST TRANSACTION
control field 20211209000532.0
008 - FIXED-LENGTH DATA ELEMENTS--GENERAL INFORMATION
fixed length control field 140227s1967 enkj 000 0 eng
035 ## - SYSTEM CONTROL NUMBER
System control number (BD-RjUL) 20265
040 ## - CATALOGING SOURCE
Original cataloging agency DLC
Transcribing agency CarP
Modifying agency DLC
-- BD-RjUL
Language of cataloging eng
041 ## - LANGUAGE CODE
Language code of text/sound track or separate title eng
082 ## - DEWEY DECIMAL CLASSIFICATION NUMBER
Classification number 829.3
Author mark and year BEO 1967
245 10 - TITLE STATEMENT
Title Beowulf :
Remainder of title reproduced in facsimile from the unique manuscript, British Museum Ms. Cotton Vitellius A. xv /
Statement of responsibility, etc. with a transliteration and notes by Julius Zupitza.
250 ## - EDITION STATEMENT
Edition statement 2nd ed.
260 ## - PUBLICATION, DISTRIBUTION, ETC. (IMPRINT)
Place of publication, distribution, etc. London ;
-- New York :
Name of publisher, distributor, etc. Early English Text Society ;
-- Oxford University Press,
Date of publication, distribution, etc. c1967.
300 ## - PHYSICAL DESCRIPTION
Pagination xxi, 143 p. :
Illustrations ill . ;
Size 22 cm.
650 #0 - SUBJECT ADDED ENTRY--TOPICAL TERM
Topical term or geographic name as entry element Epic poetry, English (Old)
9 (RLIN) 62268
Topical term or geographic name as entry element Monsters
Form subdivision Poetry.
9 (RLIN) 62269
Topical term or geographic name as entry element Dragons
Form subdivision Poetry.
9 (RLIN) 62270
651 #0 - SUBJECT ADDED ENTRY--GEOGRAPHIC NAME
Geographic name Scandinavia
Form subdivision Poetry.
9 (RLIN) 62271
700 1# - ADDED ENTRY--PERSONAL NAME
Personal name Zupitza, Julius.
Relator term tr.
942 ## - ADDED ENTRY ELEMENTS (KOHA)
Source of classification or shelving scheme Dewey Decimal Classification
Koha item type Books
Holdings
Lost status Source of classification or shelving scheme Damaged status Not for loan Collection code Permanent Location Current Location Shelving location Date acquired Source of acquisition Total Checkouts Full call number Date last seen Copy number Koha item type
  Dewey Decimal Classification   Not For Loan Fiction Central Library, University of Rajshahi Central Library, University of Rajshahi Reading Room 25/10/1968 Zetlinger   829.3 BEO 1967 27/02/2014 C-1 Books
  Dewey Decimal Classification     Fiction Central Library, University of Rajshahi Central Library, University of Rajshahi   25/10/1968 Zeetlinger   829.3 BEO 1967 07/11/2016 C-2 Books
  Dewey Decimal Classification     Non-fiction Central Library, University of Rajshahi Central Library, University of Rajshahi General Stacks 25/10/1968 Zeitlinger   829.3 BEO 1967 21/07/2025 C-3 Books
  Dewey Decimal Classification     Non-fiction Central Library, University of Rajshahi Central Library, University of Rajshahi General Stacks 25/10/1968 Zeitlinger   829.3 BEO 1967 21/07/2025 C-4 Books